Dr. S. R. Lasker Library Online Catalogue

Home      Library Home      Institutional Repository      E-Resources      MyAthens      EWU Home

Normal view MARC view

Entry Topical Term

Number of records used in: 4

001 - CONTROL NUMBER

  • control field: 13508

003 - CONTROL NUMBER IDENTIFIER

  • control field: BD-DhEWU

005 - DATE AND TIME OF LATEST TRANSACTION

  • control field: 20140626114733.0

008 - FIXED-LENGTH DATA ELEMENTS

  • fixed length control field: 140626|| aca||aabn | a|a d

040 ## - CATALOGING SOURCE

  • Original cataloging agency: BD-DhEWU
  • Transcribing agency: BD-DhEWU

150 ## - HEADING--TOPICAL TERM

  • Topical term or geographic name as entry element: English language
  • Form subdivision: Dictionaries
  • General subdivision: Bengali.

670 ## - SOURCE DATA FOUND

  • Source citation: Work cat.: (BD-DhEWU)284: Biswas, Sailendra, 1918- 13483, Samsad English-Bengali dictionary /, 1997 printing.